<?xml version="1.0" encoding="UTF-8"?><?xml-stylesheet type="text/xsl" href="static/style.xsl"?><OAI-PMH xmlns="http://www.openarchives.org/OAI/2.0/" xmlns:xsi="http://www.w3.org/2001/XMLSchema-instance" xsi:schemaLocation="http://www.openarchives.org/OAI/2.0/ http://www.openarchives.org/OAI/2.0/OAI-PMH.xsd"><responseDate>2026-04-29T19:07:20Z</responseDate><request verb="GetRecord" identifier="oai:repisalud.isciii.es:20.500.12105/11788" metadataPrefix="marc">https://repisalud.isciii.es/rest/oai/request</request><GetRecord><record><header><identifier>oai:repisalud.isciii.es:20.500.12105/11788</identifier><datestamp>2025-04-10T10:49:30Z</datestamp><setSpec>com_20.500.12105_2052</setSpec><setSpec>com_20.500.12105_2051</setSpec><setSpec>com_20.500.12105_15322</setSpec><setSpec>col_20.500.12105_19608</setSpec><setSpec>col_20.500.12105_16927</setSpec><setSpec>col_20.500.12105_16973</setSpec></header><metadata><record xmlns="http://www.loc.gov/MARC21/slim" xmlns:dcterms="http://purl.org/dc/terms/" xmlns:doc="http://www.lyncode.com/xoai" xmlns:xsi="http://www.w3.org/2001/XMLSchema-instance" xsi:schemaLocation="http://www.loc.gov/MARC21/slim http://www.loc.gov/standards/marcxml/schema/MARC21slim.xsd">
   <leader>00925njm 22002777a 4500</leader>
   <datafield ind2=" " ind1=" " tag="042">
      <subfield code="a">dc</subfield>
   </datafield>
   <datafield ind2=" " ind1=" " tag="720">
      <subfield code="a">Guerrero-Fernández de Alba, Inmaculada</subfield>
      <subfield code="e">author</subfield>
   </datafield>
   <datafield ind2=" " ind1=" " tag="720">
      <subfield code="a">Gimeno-Miguel, Antonio</subfield>
      <subfield code="e">author</subfield>
   </datafield>
   <datafield ind2=" " ind1=" " tag="720">
      <subfield code="a">Poblador-Plou, Beatriz</subfield>
      <subfield code="e">author</subfield>
   </datafield>
   <datafield ind2=" " ind1=" " tag="720">
      <subfield code="a">Gimeno-Feliú, Luís Andrés</subfield>
      <subfield code="e">author</subfield>
   </datafield>
   <datafield ind2=" " ind1=" " tag="720">
      <subfield code="a">Ioakeim-Skoufa, Ignatios</subfield>
      <subfield code="e">author</subfield>
   </datafield>
   <datafield ind2=" " ind1=" " tag="720">
      <subfield code="a">Rojo-Martínez, Gemma</subfield>
      <subfield code="e">author</subfield>
   </datafield>
   <datafield ind2=" " ind1=" " tag="720">
      <subfield code="a">Forjaz, Maria João</subfield>
      <subfield code="e">author</subfield>
   </datafield>
   <datafield ind2=" " ind1=" " tag="720">
      <subfield code="a">Prados-Torres, Alexandra</subfield>
      <subfield code="e">author</subfield>
   </datafield>
   <datafield ind2=" " ind1=" " tag="260">
      <subfield code="c">2020</subfield>
   </datafield>
   <datafield ind2=" " ind1=" " tag="520">
      <subfield code="a">Type 2 diabetes mellitus (T2D) is often accompanied by chronic diseases, including mental health problems. We aimed at studying mental health comorbidity prevalence in T2D patients and its association with T2D outcomes through a retrospective, observational study of individuals of the EpiChron Cohort (Aragón, Spain) with prevalent T2D in 2011 (n = 63,365). Participants were categorized as having or not mental health comorbidity (i.e., depression, anxiety, schizophrenia, and/or substance use disorder). We performed logistic regression models, controlled for age, sex and comorbidities, to analyse the likelihood of 4-year mortality, 1-year all-cause hospitalization, T2D-hospitalization, and emergency room visit. Mental health comorbidity was observed in 19% of patients. Depression was the most frequent condition, especially in women (20.7% vs. 7.57%). Mortality risk was higher in patients with mental health comorbidity (odds ratio 1.24; 95% confidence interval 1.16-1.31), especially in those with substance use disorder (2.18; 1.84-2.57) and schizophrenia (1.82; 1.50-2.21). Mental health comorbidity also increased the likelihood of all-cause hospitalization (1.16; 1.10-1.23), T2D-hospitalization (1.51; 1.18-1.93) and emergency room visit (1.26; 1.21-1.32). These results suggest that T2D healthcare management should include specific strategies for the early detection and treatment of mental health problems to reduce its impact on health outcomes.</subfield>
   </datafield>
   <datafield ind1="8" ind2=" " tag="024">
      <subfield code="a">Sci Rep. 2020 Nov 11;10(1):19583.</subfield>
   </datafield>
   <datafield ind1="8" ind2=" " tag="024">
      <subfield code="a">10.1038/s41598-020-76546-9</subfield>
   </datafield>
   <datafield ind1="8" ind2=" " tag="024">
      <subfield code="a">2045-2322</subfield>
   </datafield>
   <datafield ind1="8" ind2=" " tag="024">
      <subfield code="a">Scientific reports</subfield>
   </datafield>
   <datafield ind1="8" ind2=" " tag="024">
      <subfield code="a">http://hdl.handle.net/10668/4039</subfield>
   </datafield>
   <datafield ind1="8" ind2=" " tag="024">
      <subfield code="a">33177607</subfield>
   </datafield>
   <datafield ind1="8" ind2=" " tag="024">
      <subfield code="a">http://hdl.handle.net/20.500.12105/11788</subfield>
   </datafield>
   <datafield ind2="0" ind1="0" tag="245">
      <subfield code="a">Association between mental health comorbidity and health outcomes in type 2 diabetes mellitus patients</subfield>
   </datafield>
</record></metadata></record></GetRecord></OAI-PMH>